Construction materials (Record no. 3506)

000 -LEADER
fixed length control field 00497nam a22002057a 4500
001 - CONTROL NUMBER
control field 3506
003 - CONTROL NUMBER IDENTIFIER
control field BD-DhUET
008 - FIXED-LENGTH DATA ELEMENTS--GENERAL INFORMATION
fixed length control field 0
020 ## - INTERNATIONAL STANDARD BOOK NUMBER
International Standard Book Number 0419154701
040 ## - CATALOGING SOURCE
Transcribing agency 0
Modifying agency BD-DhUET
082 ## - DEWEY DECIMAL CLASSIFICATION NUMBER
Classification number 620.136
Item number ILL/1994
100 ## - MAIN ENTRY--PERSONAL NAME
Personal name Illston, J. M.
245 ## - TITLE STATEMENT
Title Construction materials
Remainder of title their nature and behavior
250 ## - EDITION STATEMENT
Edition statement 1st ed.
260 ## - PUBLICATION, DISTRIBUTION, ETC. (IMPRINT)
Place of publication, distribution, etc. London
Name of publisher, distributor, etc. E & FN Spon
Date of publication, distribution, etc. 1994
300 ## - PHYSICAL DESCRIPTION
Extent xxiii, 517 p.
Other physical details ill.
Dimensions 20 cm.
504 ## - BIBLIOGRAPHY, ETC. NOTE
Bibliography, etc Includes bibliographies
650 #0 - SUBJECT ADDED ENTRY--TOPICAL TERM
Topical term or geographic name as entry element Concrete-Engineering
942 ## - ADDED ENTRY ELEMENTS (KOHA)
Koha item type General Book
Holdings
Piece designation (barcode) Source of classification or shelving scheme Price effective from Koha item type Not for loan Shelving location Lost status Koha full call number Withdrawn status Koha renewals Koha normalized classification for sorting Koha date last seen Koha issues (times borrowed) Damaged status Sublocation or collection (holding branch) Location (home branch) Date acquired Koha date last borrowed Copy number
92490 2014-11-01General Book Circulation section 620.136/ILL/1994  620_136000000000000_ILL_19942021-06-301 Central Library, BUETCentral Library, BUET2014-11-012015-03-041
92503 2014-11-01General Book Circulation section 620.136/ILL/1994  620_136000000000000_ILL_19942014-11-01  Central Library, BUETCentral Library, BUET2014-11-01 2
92499 2014-11-01General Book Circulation section 620.136/ILL/1994  620_136000000000000_ILL_19942021-08-281 Central Library, BUETCentral Library, BUET2014-11-012021-08-283
92494 2014-11-01General Book Circulation section 620.136/ILL/1994 2620_136000000000000_ILL_19942016-03-12  Central Library, BUETCentral Library, BUET2014-11-01 4
92501 2014-11-01General Book Circulation section 620.136/ILL/1994  620_136000000000000_ILL_19942014-11-01  Central Library, BUETCentral Library, BUET2014-11-01 5
92486 2014-11-01General Book Circulation section 620.136/ILL/1994  620_136000000000000_ILL_19942024-09-141 Central Library, BUETCentral Library, BUET2014-11-012024-09-076
92484 2015-06-14Reading Item Reading section 620.136/ILL/1994  620_136000000000000_ILL_19942015-06-14  Central Library, BUETCentral Library, BUET2015-06-14 7